Realidad, ficción y símbolo en las novelas de Pérez galdos

Guardado en:
書目詳細資料
主要作者: Correa, Gustavo
格式: 圖書
語言:Undetermined
出版: Madrid, España Gredo 1977
主題:
標簽: 添加標簽
沒有標簽, 成為第一個標記此記錄!

MARC

LEADER 00000nam a2200000Ia 4500
008 170316s9999 xx 000 0 und d
090 |a 801 C-31r 
100 |a Correa, Gustavo 
245 |a Realidad, ficción y símbolo en las novelas de Pérez galdos 
260 |a Madrid, España 
260 |b Gredo 
260 |c 1977 
300 |a 308 páginas 
650 |a TEORÍA LITERARIA 
650 |a LITERATURA ESPAÑOLA-NOVELA 
650 |a PEREZ GALDOS BENITO 
650 |a ANÁLISIS 
650 |a CRÍTICA 
999 |c 20188  |d 20188 
040 |a cru BVZT 
942 |c 15 D  |h 801 C-31r  |2 z